Los viernes del café (Record no. 142768)
[ view plain ]
| 000 -LEADER | |
|---|---|
| campo de control de longitud fija | 00411nam a2200145 i 4500 |
| 001 - NÚMERO DE CONTROL | |
| campo de control | 142768 |
| 003 - IDENTIFICADOR DE NÚMERO DE CONTROL | |
| campo de control | ES-MaACL |
| 007 - CAMPO FIJO DE DESCRIPCIÓN FÍSICA--INFORMACIÓN GENERAL | |
| campo de control de longitud fija | t| |
| 008 - DATOS DE LONGITUD FIJA--INFORMACIÓN GENERAL | |
| campo de control de longitud fija | 071009s1954 sp ||||1| spa d |
| 245 04 - MENCIÓN DEL TÍTULO | |
| Título | Los viernes del café |
| Resto del título | : (cuentos) / |
| Mención de responsabilidad, etc. | Víctor Alperi... [et al.]. |
| 260 ## - PUBLICACIÓN, DISTRIBUCIÓN, ETC. | |
| Lugar de publicación, distribución, etc. | [Oviedo] : |
| Nombre del editor, distribuidor, etc. | Corzo, |
| Fecha de publicación, distribución, etc. | [1954] |
| 300 ## - DESCRIPCIÓN FÍSICA | |
| Extensión | 113 p. ; |
| Dimensiones | 15 cm. |
| 700 1# - ENTRADA AGREGADA--NOMBRE PERSONAL | |
| Nombre de persona | Alperi, Víctor. |
| 9 (RLIN) | 20458 |
| 852 ## - LOCALIZACIÓN | |
| Ubicación | ES-MaACL |
| Número de control de estantería | C-8566 |
| Sublocalización o colección | R.36735 |
| Estatus retirado | Estado de pérdida | Estado de daño | No para préstamo | Biblioteca de origen | Biblioteca actual | Ubicación en estantería | Fecha de adquisición | Fuente de adquisición | Total de préstamos | Signatura topográfica completa | Código de barras | Visto por última vez | Precio de reemplazo | Tipo de ítem Koha |
|---|---|---|---|---|---|---|---|---|---|---|---|---|---|---|
| Biblioteca del Ateneo de Madrid | Biblioteca del Ateneo de Madrid | Sala Palomar | 17/01/2008 | C-8566 | 1148547 | 23/02/2023 | 23/02/2023 | Libro impreso |
